Microsoft Office XP / (رقم التسجيلة. 15518)

تفاصيل مارك
000 -الفاتح
حقل البيانات ثابتة الطول 01497cam a22003614a 4500
001 - رقم الضبط
رقم الضبط 12546252
003 - محدد رقم الضبط
رقم الضبط OSt
005 - وقت وتاريخ اخر تعامل مع التسجيلة
رقم الضبط 20150408113926.0
008 - عناصر البيانات ثابتة الطول - معلومات عامة
حقل البيانات ثابتة الطول 010926s2002 maua 001 0 eng
010 ## - رقم ضبط مكتبة الكونجرس
رقم ضبط مكتبة الكونجرس 2001052200
رقم ضبط مكتبة الكونجرس الخاطئ والملغى 2001096315
020 ## - الرقم الدولى المعيارى للكتب
الرقم الدولى المعيارى للكتاب 0072472618 (v. 1 : pbk. : alk. paper)
020 ## - الرقم الدولى المعيارى للكتب
الرقم الدولى المعيارى للكتاب 0072458577 (v. 2 : alk. paper)
020 ## - الرقم الدولى المعيارى للكتب
الرقم الدولى المعيارى للكتاب 0072471875 (v. 2 : pbk. : alk. paper)
040 ## - مصدر الفهرسة
وكالة الفهرسة الأصلية DLC
وكالة النسخ DLC
وكالة التعديل DLC
042 ## - رمز التحقق
رمز التحقق pcc
050 00 - رقم طلب مكتبة الكونجرس
رقم التصنيف HF5548.4.M525
رقم المادة M5375 2002
082 00 - رقم تصنيف ديوى العشرى
رقم التصنيف 005.369
رقم الطبعة 21
245 00 - بيان العنوان
العنوان Microsoft Office XP /
بيان المسئوليه,etc Kenneth C. Laudon ... [et al.].
260 ## - PUBLICATION, DISTRIBUTION, ETC. (IMPRINT)
مكان الناشر او الموزع Boston :
اسم الناشر او الموزع McGraw-Hill/Irwin
تاريخ النشر أو التوزيع c2002.
300 ## - الوصف المادى
التعداد 2 v. :
تفاصيل ماديه اخرى للوعاء col. ill. ;
أبعاد الوعاء 28 cm.
440 #0 - بيان السلسلة/مدخل إضافى-العنوان
العنوان Interactive computing series
9 (RLIN) 4996
500 ## - تبصرة عامة
تبصرة عامة Includes indexes.
630 00 - المدخل الاضافى بالموضوع - عنوان موحد
عنوان موحد Microsoft Office.
9 (RLIN) 3981
650 #0 - المدخل الاضافى بالموضوع-مصطلح موضوعى
مصطلح موضوعي أو اسم جغرافي كعنصر مدخل Business
التقسيم الفرعي العام Computer programs.
9 (RLIN) 3982
700 1# - المدخل الاضافى - اسم شخصى
الإسم الشخصى Laudon, Kenneth C.,
التواريخ المصاحبة للاسم 1944-
9 (RLIN) 4997
856 42 - الوصول و الموقع الالكترونى
مواد محددة Publisher description
معرف المصدر الموحد <a href="http://www.loc.gov/catdir/description/mh021/2001052200.html">http://www.loc.gov/catdir/description/mh021/2001052200.html</a>
856 41 - الوصول و الموقع الالكترونى
مواد محددة Table of contents
معرف المصدر الموحد <a href="http://www.loc.gov/catdir/toc/mh021/2001052200.html">http://www.loc.gov/catdir/toc/mh021/2001052200.html</a>
856 42 - الوصول و الموقع الالكترونى
مواد محددة Contributor biographical information
معرف المصدر الموحد <a href="http://www.loc.gov/catdir/enhancements/fy0737/2001052200-b.html">http://www.loc.gov/catdir/enhancements/fy0737/2001052200-b.html</a>
942 ## - عناصر المدخل الإضافي( كوها)
مصدر التصنيف او مخطط الترفيف Dewey Decimal Classification
Koha [default] item type كتاب
المقتنيات
حالة الفقد نموذج السعر الفعال حالة تلف ليس للاعارة رقم الطلب تاريخ الاكتساب الموقع الحالي الباركود الفرع الرئيسي Date last seen نوع المادة فى نظام كوها مصدر التصنيف او خطة الترفيف Total Checkouts
  2013-03-10     005.369 M I O 2011-09-28 المكتبة المركزية بالمجمعة (CL) 00048875 المكتبة المركزية بالمجمعة (CL) 2013-03-10 كتاب Dewey Decimal Classification  
  2013-03-10     005.369 M I O 2011-09-28 المكتبة المركزية بالمجمعة (CL) 00048881 المكتبة المركزية بالمجمعة (CL) 2013-03-10 كتاب Dewey Decimal Classification  
  2013-03-10     005.369 M I O 2011-09-28 المكتبة المركزية بالمجمعة (CL) 00048882 المكتبة المركزية بالمجمعة (CL) 2013-03-10 كتاب Dewey Decimal Classification  
  2013-03-10     005.369 M I O 2011-09-28 المكتبة المركزية بالمجمعة (CL) 00048880 المكتبة المركزية بالمجمعة (CL) 2013-03-10 كتاب Dewey Decimal Classification  
  2013-03-10     005.369 M I O 2011-11-03 المكتبة المركزية بالمجمعة (CL) 00048886 المكتبة المركزية بالمجمعة (CL) 2013-03-10 كتاب Dewey Decimal Classification  
  2013-03-10     005.369 M I O 2011-11-03 المكتبة المركزية بالمجمعة (CL) 00048888 المكتبة المركزية بالمجمعة (CL) 2013-03-10 كتاب Dewey Decimal Classification  
  2013-03-10     005.369 M I O 2011-11-03 المكتبة المركزية بالمجمعة (CL) 00048887 المكتبة المركزية بالمجمعة (CL) 2013-03-10 كتاب Dewey Decimal Classification  
  2013-03-10     005.369 M I O 2011-11-03 المكتبة المركزية بالمجمعة (CL) 00048885 المكتبة المركزية بالمجمعة (CL) 2013-03-10 كتاب Dewey Decimal Classification  
  2013-03-10     005.369 M I O 2011-11-03 المكتبة المركزية بالمجمعة (CL) 00048884 المكتبة المركزية بالمجمعة (CL) 2013-03-10 كتاب Dewey Decimal Classification  
  2013-03-10     005.369 M I O 2011-11-03 المكتبة المركزية بالمجمعة (CL) 00048883 المكتبة المركزية بالمجمعة (CL) 2013-03-10 كتاب Dewey Decimal Classification